1593 1977 1489 1227 1566 1567 1263 1481 1061 1677 1738 1258 1991 1448 1431 1929 1666 1817 1400 1201 1570 1638 1566 1128 1778 1681 1521 1872 1117 1058 1387 1573 1894 1209 1433 1259 1179 1835 1015 1372 1770 1308 1993 1802 1500 1659 1848 1942 1620 1035 1561 1054 1192 1486 1854 1001 1912 1914 1490 1014 1575 1879 1905 1165 1971 1578 1495 1272 1522 1895 1617 2000 1205 1433 1627 1687 1121 1626 1386 1551 1991 1888 1762 1173 1919 1660 1964 1064 1572 1866 1946 1401 1118 1093 1818 1860 1774 1294 1908 BCNSPRNW ULIB Ver.6.0+V

เปลี่ยนเป็นภาษาไทย

Change to English
 แสดงรายละเอียดบรรณานุกรม
  กลับหน้าหลัก

Brief Record : Get Marc (ISO 2709) : E-mail record : QR code < ปิดหน้าต่าง
LEADER : 00000nam 2200000uu 4500
001    13399112908
003     ULIB
008    110916s2552||||th 000 0 tha d
020    9789742556891
090    นว.^bพ541ก 2552
100 0  พัดชา
245 00 กับดักหัวใจ/^cพัดชา
250    พิมพ์ครั้งที่ 1
260    กรุงเทพฯ :^bศิลปาบรรณาคาร,^c2552
300    624 หน้า
945    ^p320^l0^i17079
995    กัณชพร
999     ^aใช้งานได้ทุกระบบ
รายการนี้ยังไม่มีแท็ก
คุณยังไม่ได้ล็อกอิน คุณสามารถมีกิจกรรมร่วมกับเว็บไซต์ได้ แต่ต้องล็อกอินก่อน ::
  ล็อกอิน

รายการสื่อสารสนเทศ

ลำดับที่ ประเภท เลขเรียก/บาร์โค้ด สถานที่ สถานะ
1. วิทยาศาสตร์การแพทย์ และสุขภาพ
วิทยาศาสตร์การแพทย์ และสุขภาพ
นว. พ541ก 2552  
  Barcode: 17079
ห้องสมุดวิทยาเขตสวรรค์ประชารักษ์
►นวนิยาย
บนชั้น
  ขอยืม

รายการใกล้เคียง
    ผู้แต่ง [พัดชา]

BibComment


ยังไม่เคยถูกคอมเมนท์

คอมเมนท์ทรัพยากรรายการนี้
  คอมเมนท์: กับดักหัวใจ พัดชา


 Copyright 2026. Bcnsprnw @Library